LEADER 01496nam0 2200241 450 001 000013205 005 20090224153331.0 100 $a20080618d--------km-y0itay50------ba 105 $ay-------001yy 200 1 $a<>marine d'aujourd'hui$fpar Jurien de la Graviere 210 $aParis$cLibrairie Hachette$d1872 215 $a316 p.$d18 cm 316 $aLegatura in quarto di pelle su piatti di cartone ricoperti di c. dec. (19x12x3 cm); dorso con A., tit., e filetti impressi in oro; ivi, inoltre, etichette con antiche segnature, etichetta con l'attuale coll. a coprire coll. del Regio Istituto Superiore Navale; foxing; imbrunimento delle carte$5UNIPARTHENOPE 317 $aSulla controguardia ant. antiche segnature mss.: 18-C [n.i.]; 335 g 5 [n.i.]; Classe X N.° 484 Ingresso n.° 3810 del Registro inventario della Regia Marina Biblioteca dipartimentale di Napoli; ivi, inoltre, I-O-VII-19 [n.i.]; 2320 [n.i.]; sul r. della c. di g. ant. parz. ripetuti, a matita, i dati del Registro inventario ...; class. Dewey dell'IUN: 900; timbro A della Reale Biblioteca di Marina$5UNIPARTHENOPE 620 $aFrancia$dParigi 676 $a359.009$v20$9Storia della marina militare 700 1$aJurien de La Graviere,$bJean Pierre Edmond$0631491 712 02$aDue Sicilie : Ministero della guerra e della marina$4390 801 0$aIT$bUNIPARTHENOPE$c20080618$gRICA$2UNIMARC 912 $a000013205 951 $aBORB-E-13$b3810$cFB$d2008 996 $aMarine d'aujourd'hui$91203474 997 $aUNIPARTHENOPE LEADER 01621nas 2200517-a 450 001 9910172098003321 005 20241223110419.0 035 $a(CKB)1000000000278568 035 $a(CONSER)--2006215911 035 $a(MiFhGG)5GOF 035 $a(EXLCZ)991000000000278568 100 $a20060823b20062008 --- a 101 0 $aeng 181 $ctxt$2rdacontent 182 $cc$2rdamedia 183 $acr$2rdacarrier 200 00$aFinishing today 210 $aTroy, MI $cBNP Media$dİ2006- 215 $a1 online resource 300 $aTitle from cover. 311 08$aPrint version: Finishing today. 1934-3477 (DLC) 2006215911 (OCoLC)71044918 517 1 $aFT 606 $aFinishes and finishing$vPeriodicals 606 $aPainting, Industrial$vPeriodicals 606 $aPlastic coating$vPeriodicals 606 $aPlastic powders$vPeriodicals 606 $aFinishes and finishing$2fast$3(OCoLC)fst00924885 606 $aPainting, Industrial$2fast$3(OCoLC)fst01050886 606 $aPlastic coating$2fast$3(OCoLC)fst01066448 606 $aPlastic powders$2fast$3(OCoLC)fst01066501 608 $aPeriodicals.$2fast 608 $aPeriodicals.$2lcgft 615 0$aFinishes and finishing 615 0$aPainting, Industrial 615 0$aPlastic coating 615 0$aPlastic powders 615 7$aFinishes and finishing. 615 7$aPainting, Industrial. 615 7$aPlastic coating. 615 7$aPlastic powders. 676 $a667/.9/05 906 $aJOURNAL 912 $a9910172098003321 920 $aexl_impl conversion 996 $aFinishing today$92171790 997 $aUNINA